000 00633nam a2200205 i 4500
001 110588
003 ES-MaACL
005 20251011063122.0
007 t|
008 070206s1921 sp ||||1| spa d
080 _a821.134.2-32"18"
100 1 _aCavestany, Juan Antonio,
_d1861-1924
_937192
245 1 4 _aLos millones de la yanqui
_b: novela inédita /
_cJuan A. Cavestany.
260 _a[Madrid :
_bLa Novela Corta,
_c1921]
300 _a[22] p. ;
_c20 cm.
490 1 _aLa novela corta ;
_v301
830 0 _aLa novela corta ;
_v301
_9182142
852 _aES-MaACL
_j2213-F-2
_bR.138610
999 _c110588
_d110588